01212nam a2200241 a 4500008004100000020001500041050001800056100003000074245009600104250001200200260003900212300002300251350000900274650002500283650003100308650003100339650001500370995014100385995015300526999001700679952013700696952013700833120416s1987 ||||||||||||||||| || u a039535661X aHF 5549.5 Fre aFrench, Wendell L., 1923-14aThe personnel management process: human resources administration and development. (6th ed.) a6th ed. aBoston:bHoughton Mifflin Coc1987 axxiv, 685p. : ill. a0.00 0aPERSONNEL MANAGEMENT aHUMAN RESOURCES MANAGEMENT aHUMAN RESOURCE DEVELOPMENT 0aMANAGEMENT aBINDERY (DAMAGED)D0.00e724745FCBU-MAIN LIBRARY (Kitwe)H2I17.49jHF 5549.5 FreUDAMAGEDy006398ZMain Library Open Access Collection aMAIN LIBRARY OPEN ACCESSD0.00e724746FCBU-MAIN LIBRARY (Kitwe)H1I17.49jHF 5549.5 FreM1UAVAILABLEy006399ZMain Library Open Access Collection c81831d81831 00102lcc4070a001b001cMain Library Open Access Collectiond2023-09-12l0oHF 5549.5 Frep006398r2023-09-12t1w2023-09-12y002 00102lcc4070a001b001cMain Library Open Access Collectiond2023-09-12l0oHF 5549.5 Frep006399r2023-09-12t2w2023-09-12y002